000 01152nam a22002057a 4500
999 _c58330
_d58330
003 Ge_BSU
005 20211109134306.0
008 211109s2008 ge ||||| |||| 00| 0 geo d
020 _a9789941140310
041 _ageo
080 _a622.24 გ-64
100 _aგოგუაძე, ი.
_912861
245 _aჭაბურღილის მშენებლობის დროს გადაწყვეტილების მიღების პრობლემები და ბურღვის ინოვაციური , ტექნიკურ - ტექნოლოგიური საშუალებები /
_cი. გოგუაძე; სტუ.
264 _aთბ. :
_b ''ტექნიკური უნივერსიტეტი'',
_c2008.
300 _a389 გვ. :
_b ნახ. : ცხრ.
_c21 სმ.
504 _aბიბლიოგრ. გვ. 373-384
653 _a ჭაბურღილის მშენებლობის ტექნიკურ - ტექნოლოგიური საშუალებები
710 _aსტუ
_912862
942 _2udc
_cBK